| 000 | 00428nam a22001217a 4500 | ||
|---|---|---|---|
| 082 | _a220 PRO | ||
| 100 |
_aNida Hassan, Dr. Javaid Iqbal, Sunbul Javaid, Mehreen Qayas, Tashia Mehd _971001 |
||
| 245 | _aPR-SOF-1404-ONLINE BRAIN COMPUTER INTERFACE FOR RECOGNITION OF FIST OPEN AND FIST CLOSE | ||
| 260 |
_aISLAMABAD _bNUST COLLEGE OF EME _c2015 |
||
| 650 |
_aDE-MTS-33 _971002 |
||
| 700 |
_a Dr. Mohsin Tiwana _932910 |
||
| 942 | _cCR | ||
| 999 |
_c577757 _d577757 |
||